Annual Parliamentary Human Rights Workshop report : (Record no. 1813)

MARC details
000 -LEADER
fixed length control field 01268cam a2200313 a 4500
001 - CONTROL NUMBER
control field 14301279
003 - CONTROL NUMBER IDENTIFIER
control field OSt
005 - DATE AND TIME OF LATEST TRANSACTION
control field 20230620144746.0
008 - FIXED-LENGTH DATA ELEMENTS--GENERAL INFORMATION
fixed length control field 060316s2005 ke b 100 0 eng
010 ## - LIBRARY OF CONGRESS CONTROL NUMBER
LC control number 2006306194
020 ## - INTERNATIONAL STANDARD BOOK NUMBER
Canceled/invalid ISBN 9995886X
040 ## - CATALOGING SOURCE
Original cataloging agency DLC
Transcribing agency DLC
Modifying agency DLC
042 ## - AUTHENTICATION CODE
Authentication code lcode
043 ## - GEOGRAPHIC AREA CODE
Geographic area code f-ke---
082 00 - DEWEY DECIMAL CLASSIFICATION NUMBER
Classification number 323.09
Item number KSI
245 00 - TITLE STATEMENT
Title Annual Parliamentary Human Rights Workshop report :
Remainder of title Aberdare Country Club, Nyeri, 9th to 11th June 2005 /
Statement of responsibility, etc. Kenya Section of International Commission of Jurists.
260 ## - PUBLICATION, DISTRIBUTION, ETC. (IMPRINT)
Place of publication, distribution, etc. Nairobi, Kenya :
Name of publisher, distributor, etc. Kenya Section of International Commission of Jurists,
Date of publication, distribution, etc. c2005.
300 ## - PHYSICAL DESCRIPTION
Extent iv, 72 p. ;
Dimensions 21 cm.
500 ## - GENERAL NOTE
General note "Michael Nderitu ... [et a.] ... compiling this report"--Acknowledgement.
504 ## - BIBLIOGRAPHY, ETC. NOTE
Bibliography, etc Includes bibliographical references.
650 #0 - SUBJECT ADDED ENTRY--TOPICAL TERM
Topical term or geographic name as entry element Human rights
Geographic subdivision Kenya
Form subdivision Congresses.
700 1# - ADDED ENTRY--PERSONAL NAME
Personal name Nderitu, Michael.
710 2# - ADDED ENTRY--CORPORATE NAME
Corporate name or jurisdiction name as entry element International Commission of Jurists (1952- ).
Subordinate unit Kenya Section.
711 2# - ADDED ENTRY--MEETING NAME
Meeting name or jurisdiction name as entry element Parliamentary Human Rights Workshop
Date of meeting (2005 :
Location of meeting Nyeri, Kenya)
856 41 - ELECTRONIC LOCATION AND ACCESS
Materials specified Table of contents only
Uniform Resource Identifier <a href="http://www.loc.gov/catdir/toc/fy0613/2006306194.html">http://www.loc.gov/catdir/toc/fy0613/2006306194.html</a>
906 ## - LOCAL DATA ELEMENT F, LDF (RLIN)
a 7
b cbc
c origode
d 2
e ncip
f 20
g y-gencatlg
942 ## - ADDED ENTRY ELEMENTS (KOHA)
Source of classification or shelving scheme Dewey Decimal Classification
Koha item type Books
Holdings
Withdrawn status Lost status Source of classification or shelving scheme Damaged status Not for loan Home library Current library Date acquired Total Checkouts Full call number Barcode Date last seen Price effective from Koha item type
    Dewey Decimal Classification     County Hall Archives County Hall Archives 06/20/2023   323.09 KSI 10011120 06/20/2023 06/20/2023 Books
LIBRARY OPENING HOURS

When the Parliament is sitting: 8.00a.m - 7.00p.m or until the house adjourns
Mondays and Fridays and when the House is on Recess:  8.00a.m - 5.00p.m
Closed on Weekends and Public Holidays

Online Public Access Catalog (OPAC)
Website: http://www.parliament.go.ke
Bunge Library: https://libraryir.parliament.go.ke
Contact: library@parliament.go.ke | Tel no: (254-2)2221291 or 2848000 Ext 5043